000 00589nam a2200229 a 4500
003 AR-BaBNM
005 20251128205658.0
008 082120s2002 ||||||||||||||000 | spa||
020 _a84-274-0373-9
040 _cAR-BaBNM
245 0 0 _aDiccionario literario
_bapéndice de obras. 1 : A-LL
250 _a1ª ed.
260 _aBarcelona
_bMontaner y Simón
_c1978
300 _axv, 758 p.
_bil.
650 4 _aDICCIONARIOS
650 4 _aESCRITORES
650 4 _aOBRAS LITERARIAS
655 _aREFERENCIA
700 1 _aBompiani, Valentino
_eeditor
942 _cBK
998 _claura
999 _c12366
_d12366